Statistics for Skyfall- Adele

Click here to take the quiz!

General Stats

  • This quiz has been taken 152 times
  • The average score is 192 of 236

Answer Stats

Answer% Correct
I
100%
A
98%
sky
97%
the
96%
you
94%
You
94%
And
93%
and
93%
fall
93%
it
93%
to
93%
we
91%
We
91%
stand
90%
when
89%
When
89%
will
89%
all
88%
tall
88%
is
86%
your
86%
together
85%
let
84%
Let
84%
crumbles
83%
end
83%
my
83%
This
83%
this
83%
face
80%
Face
80%
Hold
79%
count
78%
ten
78%
where
78%
Where
78%
Hear
77%
never
77%
heart
76%
Skyfall
76%
be
75%
crumbles
74%
Feel
74%
see
74%
go
73%
then
73%
What
73%
have
72%
At
71%
Earth
71%
hand
71%
in
71%
So
71%
again
69%
move
69%
me
68%
moment
68%
number
68%
security
68%
But
67%
can
67%
For
67%
I've
67%
burst
66%
take
66%
we'll
66%
We'll
66%
from
64%
I'm
64%
start
64%
Without
64%
loving
63%
you'll
63%
Keeping
62%
know
62%
may
62%
name
62%
Put
62%
stolen
61%
arms
60%
away
60%
dreamt
60%
overdue
59%
Swept
59%
breathe
58%
harm
58%
thousand
58%
apart
57%
are
57%
drowned
56%
miles
56%
owe
56%
them
56%
dark
52%
days
49%
collide
47%
Of
46%
Oh
46%
worlds
45%
I'd
41%
poles
35%

Score Distribution

Percentile by Number Answered

Percent of People with Each Score

Your Score History

You have not taken this quiz